Men I met, (Record no. 87162)

MARC details
000 -LEADER
fixed length control field 00511cam a2200193 4500
001 - CONTROL NUMBER
control field sa 68016540
003 - CONTROL NUMBER IDENTIFIER
control field DLC
005 - DATE AND TIME OF LATEST TRANSACTION
control field 20260227112655.0
008 - FIXED-LENGTH DATA ELEMENTS--GENERAL INFORMATION
fixed length control field 700720s1968 ii 00010 eng
010 ## - LIBRARY OF CONGRESS CONTROL NUMBER
LC control number sa 68016540 //r872
025 ## - OVERSEAS ACQUISITION NUMBER
Overseas acquisition number PL480:I-E-10950
050 0# - LIBRARY OF CONGRESS CALL NUMBER
Classification number D412.6
Item number .R65
100 10 - MAIN ENTRY--PERSONAL NAME
Personal name Roy, M. N.
Fuller form of name (Manabendra Nath),
Dates associated with a name 1887-1954.
245 10 - TITLE STATEMENT
Title Men I met,
Statement of responsibility, etc. by M. N. Roy.
260 0# - PUBLICATION, DISTRIBUTION, ETC.
Place of publication, distribution, etc. Bombay,
Name of publisher, distributor, etc. Lalvani Pub. House
Date of publication, distribution, etc. [1968]
300 ## - PHYSICAL DESCRIPTION
Extent xi, 146 p.
Dimensions 22 cm.
350 ## - PRICE (NR) (BK AM CF MU VM SE) [OBSOLETE]
Price 16.00
650 #0 - SUBJECT ADDED ENTRY--TOPICAL TERM
Topical term or geographic name entry element Statesmen.

No items available.

Powered by Koha